| 000 | 01398nam a2200361 a 4500 | ||
|---|---|---|---|
| 001 | 000116176 | ||
| 003 | CHAP | ||
| 005 | 20220329144604.0 | ||
| 008 | 190927s2019 mx a |sm |||||||spa d | ||
| 010 | _a112637 | ||
| 011 | _a113609 | ||
| 040 | _cCHAP | ||
| 090 | _aTesis | ||
| 100 | 1 |
_aMuñoz Ortega, Ángel. _9136927 |
|
| 245 | 1 | 0 |
_aDeterminación de costos directos en un sistema de riego por aspersión fija para caña (Saccharum officiinarum L.) y pasto (Cynodon nlemfuensis) _h[En línea] _cpor Ángel Muños Ortega y Luis Felipe Rosas Peralta. |
| 260 |
_aChapingo, Méx. : _bEl autor, _c2019. |
||
| 500 | _aPara ver el contenido del material haga clic en la liga | ||
| 502 | _aTesis (Ing. en Irrigación) -- UACH. Departamento de Irrigagión | ||
| 590 |
_aBATCH-UPD _b05 _c20190927 _lUCH01 _h1209 |
||
| 590 |
_aE6339RRR _b05 _c20190927 _lUCH01 _h1206 |
||
| 590 |
_aE6339RRR _b05 _c20190927 _lUCH01 _h1206 |
||
| 590 |
_aE6339RRR _b05 _c20190927 _lUCH01 _h1206 |
||
| 590 |
_aE6339RRR _b05 _c20190927 _lUCH01 _h1208 |
||
| 650 | 1 | 4 |
_aCultivos _xIrrigación. _930287 |
| 650 | 1 | 4 |
_aDiseño en ingeniería. _932730 |
| 650 | 1 | 4 |
_aIrrigación _xAspectos económicos. _960373 |
| 650 | 1 | 4 |
_aRiego por aspersión. _997375 |
| 700 | 1 |
_aRosas Peralta, Luis Felipe. _9136928 |
|
| 856 |
_aFinding aid _uhttp://10.13.5.2/tesis/sist116176.pdf _zTeclea aquí |
||
| 901 | _aBK | ||
| 942 | _cTESIS | ||
| 942 | _n0 | ||
| 999 |
_c112637 _d112637 |
||